000 00685nam a22002177a 4500
999 _c390
_d390
001 001990
003 CoMeUDC001990
005 20181212213752.0
008 130821s1983 ck gr spa
040 _aCo-BoUCM
_bspa
_cCoMeUDC
041 _aspa
082 0 4 _a340.1
_220
_bH662e
100 _aHinestrosa Forero, Fernando
245 _aEscritos varios /
_cFernando Hinestrosa.
260 _aBogotá (Colombia) :
_bUmaña Trujillo ,
_c1983
300 _a791 páginas
504 _aIncluye índices.
600 _aHinestrosa Forero, Fernando
_d1931-1983
_vColecciones y escritos
650 0 4 _aTeoría del derecho
_925308
942 _cBK
_a8
_e1
_mH662e
_n0
_2ddc
_h340.1